Представление документа в формате RUSMARC

ПолеНазваниеЗначение
  Тип записи a
  Библиографический уровень m
001 Контрольный номер 169350c77c4741288511ac286fd63d4d
005 Дата корректировки 20260601143915.8
010 Индекс ISBN __
a ISBN 978-5-00041-651-8
9 Тираж 5000 экз.
d Цена 1152-00
100 Данные общей обработки __
a Данные общей обработки 20260529d2025 bc y0rusy028902 ca
101 Язык документа 1_
a Язык текста rus
c Язык оригинала eng
181 Поле кодированных данных: вид содержания _0
a Код вида содержания (ISBD) i
181 Поле кодированных данных: вид содержания _0
a Код вида содержания (ISBD) b
182 Поле кодированных данных: тип средства _0
a Код типа средства (ISBD) n
200 Заглавие и сведения об ответственности 1_
a Заглавие Крошка енот и тот, кто сидит в пруду
e Сведения, относящиеся к заглавию сказка : [для чтения взрослыми детям]
f Первые сведения об ответственности Лилиан Муур
g Последующие сведения об ответственности пересказ с английского О. Образцовой
g Последующие сведения об ответственности рисунки В. Сутеева
203 Вид содержания и тип средства __
a Вид содержания Текст
a Вид содержания Изображение
b Характеристика содержания неподвижное
b Характеристика содержания двухмерное
c Тип средства непосредственные
210 Выходные данные 1_
a Место издания Москва
c Издательство Мелик-Пашаев
d Дата издания 2025
215 Физическое описание __
a Объем 14, [2] с.
c Иллюстрации/тип воспроизводства цв. ил.
d Формат 28 см
225 Серия 2_
a Серия Лучшее детям
330 Аннотация __
a Аннотация Мама даёт Крошке Еноту задание одному, в темноте, сходить на пруд и наловить вкусных раков к ужину. Крошка с энтузиазмом бросается выполнять мамину просьбу, но, чем дальше он удаляется от дома, тем страшнее ему становится. По дороге он встречает Дикобраза, Скунса и Толстого Кролика, которые запугивают его рассказом о Том, кто сидит в пруду, но Крошка храбро шагает дальше. Он действительно видит в пруду кого-то, как ему кажется, очень страшного, дважды убегает и дважды возвращается вооруженный то камнем, то палкой. Тот, кто сидит в пруду тоже грозит ему то камнем, то палкой, и вконец расстроенный и напуганный Крошка возвращается к маме.
333 Примечание о целевом назначении __
a Примечание о целевом назначении 0+
606 Тематические рубрики __
a Основная рубрика Художественная литература
2 Код системы nlr_sh
606 Тематические рубрики __
a Основная рубрика Литература Америки (произведения)
2 Код системы nlr_sh
y Географическая подрубрика США
y Географическая подрубрика Соединенные Штаты Америки
610 Ключевые слова 0_
a Ключевые слова сказки
610 Ключевые слова 0_
a Ключевые слова детская литература
610 Ключевые слова 0_
a Ключевые слова иностранная литература
610 Ключевые слова 0_
a Ключевые слова американская литература
610 Ключевые слова 0_
a Ключевые слова мультипликационные истории
610 Ключевые слова 0_
a Ключевые слова мультипликационные персонажи
610 Ключевые слова 0_
a Ключевые слова мультфильмы
610 Ключевые слова 0_
a Ключевые слова Крошка Енот
610 Ключевые слова 0_
a Ключевые слова тема животных
610 Ключевые слова 0_
a Ключевые слова сказки о животных
610 Ключевые слова 0_
a Ключевые слова приключения животных
686 Индексы других классификаций __
2 Код системы rubbks
a Классификационный индекс Д
700 Автор _1
a Фамилия Муур
b Имя Л.
g Полное личное имя Лилиан
4 Код отношения 070
f Даты 1909-2004
702 Вторичная интеллектуальная ответственность _1
a Фамилия Сутеев
b Имя В. Г.
f Даты 1903-1993
g Полное личное имя Владимир Григорьевич
702 Вторичная интеллектуальная ответственность _1
a Фамилия Образцова
b Имя О. А.
f Даты 1902-1989
g Полное личное имя Ольга Александровна
4 Код отношения 010
801 Источник записи _0
a Страна RU
b Организация Муниципальное бюджетное учреждение культуры "Централизованная библиотечная система" г. Сургут (Центральная городская библиотека им. А. С. Пушкина)
g Правила каталогизации PSBO
c Дата составления 20260529
801 Источник записи _1
a Страна RU
b Организация Муниципальное бюджетное учреждение культуры "Централизованная библиотечная система" г. Сургут (Центральная городская библиотека им. А. С. Пушкина)
g Правила каталогизации PSBO
c Дата составления 20260529
852 Данные о местонахождении __
j Шифр хранения Д
i Авторский знак М 91
900 Макрообъекты __
a Макрообъекты Крошка енот и тот, кто сидит в пруду. Муур, Л., 2025
901 Тип документа __
t Тип документа m
a Ответственный ООФиК/Волкова
901 Тип документа __
a Ответственный 6 партия
903 Характеристики (МАРС) __
a Дата передачи 20260529
c Наименование библиотеки (МАРС) Муниципальное бюджетное учреждение культуры "Централизованная библиотечная система" г. Сургут (Центральная городская библиотека им. А. С. Пушкина)
969 Тип издания __
a Тип издания брошюра
a Тип издания издание для детей
a Тип издания Ф 26
990 Данные о заказе (DOS) __
j Количество экземпляров (DOS) 6
t N записи в КСУ для И/У (DOS) 202606